000 00493nam a2200181Ia 4500
003 GCL
008 140319s9999 xx 000 0 eng d
040 _aGCL /
_cGCL
082 0 4 _a384.5443
_bA I
100 1 _aADAMS, MICHAL H
245 1 0 _aINTRODUCTION TO RADIO: PRODUCTION AND PROGRAMMING /
_cADAMS, MICHAL H
700 1 _aMASSEY, KIMBERLY K
260 _a[S.N] :
_bBROWN AND BENCHMARK ،
_c1995
300 _a278 P
650 0 4 _aRADIO PROGRAMMING
650 0 4 _aRADIO
942 _2ddc
_cBK
999 _c13637
_d13637